000 00842nam a2200229 a 4500
005 20260322212007.0
008 data
010 _a45-008884 //r85
020 _a0671201581
020 _a9780671201586
040 _aBorders/Amazon
092 _a109 R8 1945
100 1 _aRussell, Bertrand,
_d1872-1970.
245 1 2 _aA history of western philosophy, and its connection with political and social circumstances from the earliest times to the present day.
_cBertram Russell
260 _aNew York
_bSimon and Schuster
_c 1945
300 _axxiii, 895 p., 1 l. ;
_c 23 cm.
500 _a"Originally designed and partly delivered as lectures at the Barnes foundation in Pennsylvania."--Pref.
500 _aAt head of title: Bertrand Russell.
500 _aCopyright renewed 1972 by Edith Russell.
650 0 2 _aPhilosophy
_xhistory
001 data
999 _c115
_d115